| 000 | 00838cam a22001931 4500 | ||
|---|---|---|---|
| 082 | _a355.0092 | ||
| 100 | 1 |
_aSmith, Harry George Wakelyn, _949252 |
|
| 245 | 1 | 4 |
_aThe autobiography of Lieutenant-General Sir Harry Smith, baronet of Aliwal on the Sutlej, G.C.B.; _ced. with the addition of some supplementary chapters, by G. C. Moore Smith. |
| 260 |
_aLondon, _bJ. Murray, _c1902. |
||
| 300 |
_a2 v. _bfront., pl., port., maps, plans. _c23 cm. |
||
| 500 | _aExperiences in the war of 1812, at the capture of Washington, etc.: p. 191-208. | ||
| 500 | _aFirst edition December 1901; reprinted 1902. | ||
| 500 | _aOn cover; Arms granted to Sir Harry Smith in 1846. | ||
| 526 |
_a0 _b0 _c0 _d355_009200000000000 |
||
| 650 | 0 |
_aGenerals _zGreat Britain _949253 |
|
| 650 | 0 |
_aMCE _9379 |
|
| 700 | 1 |
_aSmith, G. C. Moore _949254 |
|
| 942 |
_2ddc _cBK |
||
| 999 |
_c552057 _d552057 |
||